[Event "Warsaw YMCA Autumn-B 265th"]
[Site "Warsaw"]
[Date "2022.12.21"]
[Round "13"]
[White "Klim, Juliusz"]
[Black "Pichurko, Jakub"]
[Result "1/2-1/2"]
[WhiteElo "1471"]
[BlackElo "1698"]
[PlyCount "91"]
[EventDate "2022.09.28"]
[EventType "tourn"]
[EventRounds "13"]
[EventCountry "POL"]
[SourceTitle "EXT 2024"]
[Source "ChessBase"]
[SourceDate "2023.10.10"]
[SourceVersion "1"]
[SourceVersionDate "2023.10.10"]
[SourceQuality "1"]

1. e4 d5 2. exd5 Qxd5 3. Nc3 Qd8 4. d4 Nf6 5. Bc4 a6 6. Nf3 b5 7. Bb3 c5 8. dxc5 Qxd1+ 9. Kxd1 Bb7 10. Ke2 e6 11. Be3 Nbd7 12. a3 Bxc5 13. Ba2 0-0 14. Rhd1 Bxe3 15. fxe3 Rfd8 16. Rd2 Nc5 17. Rad1 Rxd2+ 18. Rxd2 Kf8 19. g3 Ke7 20. Ne5 Rc8 21. Rd4 Ncd7 22. Nxd7 Nxd7 23. a4 bxa4 24. Rxa4 Ne5 25. Bb3 f5 26. h3 g5 27. Kf2 Rd8 28. Rd4 Nc6 29. Rxd8 Nxd8 30. e4 Kf6 31. Ke3 h5 32. Bc4 Nc6 33. exf5 exf5 34. Nd5+ Ke5 35. Nc7 f4+ 36. gxf4+ gxf4+ 37. Kf2 a5 38. h4 Nd4 39. Bf7 Nf5 40. Bxh5 Nxh4 41. c3 Nf5 42. Nb5 Bc6 43. Na3 Ne3 44. b4 axb4 45. cxb4 Bd5 46. b5 1/2-1/2

[Event "Warsaw YMCA Autumn-B 265th"]
[Site "Warsaw"]
[Date "2022.12.14"]
[Round "12"]
[White "Mlynarski, Zbigniew"]
[Black "Klim, Juliusz"]
[Result "1-0"]
[WhiteElo "1588"]
[BlackElo "1471"]
[PlyCount "75"]
[EventDate "2022.09.28"]
[EventType "tourn"]
[EventRounds "13"]
[EventCountry "POL"]
[SourceTitle "EXT 2024"]
[Source "ChessBase"]
[SourceDate "2023.10.10"]
[SourceVersion "1"]
[SourceVersionDate "2023.10.10"]
[SourceQuality "1"]

1. d4 d5 2. Nf3 Nf6 3. c4 e6 4. Nc3 c6 5. Ne5 Nbd7 6. Bg5 Be7 7. Nxd7 Nxd7 8. Bxe7 Qxe7 9. Qb3 dxc4 10. Qxc4 0-0 11. e4 e5 12. Be2 exd4 13. Qxd4 Re8 14. 0-0 Nf6 15. Rfe1 Bg4 16. Bf1 Be6 17. e5 Nd5 18. Ne4 Qb4 19. Rad1 Qxd4 20. Rxd4 Re7 21. Nd6 Nb6 22. a3 Nc8 23. Nxb7 Bd5 24. Nc5 Nb6 25. a4 a5 26. b4 axb4 27. Rxb4 Nd7 28. Rb7 Rxe5 29. Rxe5 Nxe5 30. a5 g6 31. a6 Bc4 32. a7 Kg7 33. Bxc4 Nxc4 34. Ne6+ Kf6 35. Nc7 Rd8 36. h3 Rd1+ 37. Kh2 Nd2 38. g4 1-0

[Event "Warsaw YMCA Autumn-B 265th"]
[Site "Warsaw"]
[Date "2022.11.30"]
[Round "10"]
[White "Dropia, Rafal"]
[Black "Klim, Juliusz"]
[Result "0-1"]
[WhiteElo "1568"]
[BlackElo "1471"]
[PlyCount "136"]
[EventDate "2022.09.28"]
[EventType "tourn"]
[EventRounds "13"]
[EventCountry "POL"]
[SourceTitle "EXT 2024"]
[Source "ChessBase"]
[SourceDate "2023.10.10"]
[SourceVersion "1"]
[SourceVersionDate "2023.10.10"]
[SourceQuality "1"]

1. d4 d5 2. Bf4 Nf6 3. e3 c5 4. Nf3 Nc6 5. c3 Qb6 6. Qb3 c4 7. Qxb6 axb6 8. Na3 Ra5 9. Bc7 e6 10. Nc2 Kd7 11. Bg3 Bd6 12. Ne5+ Bxe5 13. dxe5 Ne4 14. f4 b5 15. Be2 b6 16. Bf3 Nc5 17. 0-0 Bb7 18. Nb4 Rha8 19. a3 Ne7 20. Rad1 Kc7 21. Bf2 Rg8 22. g4 g5 23. fxg5 Ng6 24. Bg3 Nd7 25. Bg2 Rg7 26. e4 dxe4 27. Rfe1 Nc5 28. Rf1 Nd3 29. Rd2 Kc8 30. Nxd3 exd3 31. Bxb7+ Kxb7 32. Rdf2 Kc6 33. Rxf7 Ra7 34. R7f6 Kd5 35. Re1 Rad7 36. Kf2 Rge7 37. h4 Nh8 38. h5 Rg7 39. Bf4 Nf7 40. g6 hxg6 41. h6 Rg8 42. g5 Nd8 43. Be3 Kc6 44. Bd4 Rf7 45. Ke3 Rxf6 46. exf6 Nf7 47. Kf4 e5+ 48. Bxe5 Re8 49. h7 d2 50. Rd1 Rxe5 51. Rxd2 Rxg5 52. Rd8 Rh5 53. Ra8 Rxh7 54. Re8 g5+ 55. Kg4 Rh4+ 56. Kg3 Rh6 57. Re6+ Kd5 58. Rxb6 Nd6 59. f7 Rf6 60. Kg4 Rxf7 61. Kxg5 Rf2 62. a4 Rxb2 63. axb5 Rxb5 64. Ra6 Rb3 65. Ra5+ Nb5 66. Kf4 Kc5 67. Ke3 Rxc3+ 68. Kd2 Ra3 0-1

[Event "Warsaw YMCA Autumn-B 265th"]
[Site "Warsaw"]
[Date "2022.11.03"]
[Round "6"]
[White "Klim, Juliusz"]
[Black "Jaroszuk, Marcin"]
[Result "1-0"]
[WhiteElo "1471"]
[BlackElo "1495"]
[PlyCount "57"]
[EventDate "2022.09.28"]
[EventType "tourn"]
[EventRounds "13"]
[EventCountry "POL"]
[SourceTitle "EXT 2024"]
[Source "ChessBase"]
[SourceDate "2023.10.10"]
[SourceVersion "1"]
[SourceVersionDate "2023.10.10"]
[SourceQuality "1"]

1. e4 e5 2. Nf3 Nc6 3. Bc4 Nf6 4. d3 Be7 5. c3 0-0 6. Nbd2 d6 7. Bb3 Kh8 8. Nf1 Ng8 9. Ng3 f5 10. exf5 Bxf5 11. Nxf5 Rxf5 12. 0-0 Qd7 13. Be3 Raf8 14. Bc2 d5 15. d4 e4 16. Nd2 Qe6 17. c4 Nf6 18. cxd5 Qxd5 19. g4 Rf3 20. Bxe4 Nxe4 21. Nxf3 Nf6 22. Nh4 Qd7 23. h3 Nxg4 24. Qxg4 Qxg4+ 25. hxg4 Bxh4 26. g5 Nd8 27. Kg2 Ne6 28. f4 h6 29. d5 1-0

[Event "POL-ch U20"]
[Site "Pokrzywna"]
[Date "2020.12.04"]
[Round "7"]
[White "Klim, Juliusz"]
[Black "Karolczuk, Iwo"]
[Result "0-1"]
[WhiteElo "1292"]
[BlackElo "2065"]
[PlyCount "122"]
[EventDate "2020.11.30"]
[EventType "swiss"]
[EventRounds "9"]
[EventCountry "POL"]
[SourceTitle "CBM 199 Extra"]
[Source "ChessBase"]
[SourceDate "2021.01.31"]
[SourceVersion "1"]
[SourceVersionDate "2021.01.31"]
[SourceQuality "1"]

1. e4 c5 2. Nf3 e6 3. d4 cxd4 4. Nxd4 a6 5. c4 Nf6 6. Nc3 Qc7 7. Be2 Bb4 8. 0-0 Bxc3 9. bxc3 Nxe4 10. Bf3 Nc5 11. Ba3 d6 12. Nb3 Nbd7 13. Qd4 e5 14. Qd2 Nb6 15. Bxc5 dxc5 16. Rfe1 Be6 17. Qg5 f6 18. Bh5+ Kf8 19. Qe3 Rc8 20. f4 Nxc4 21. Qf3 Qc6 22. fxe5 Nxe5 23. Qf1 Ke7 24. Rab1 b5 25. Rbd1 Rhd8 26. Nd4 cxd4 27. cxd4 Qb6 28. Qf2 Rc4 29. dxe5 Qxf2+ 30. Kxf2 Rc2+ 31. Kg3 Rxd1 32. exf6+ Kxf6 33. Bxd1 Rc3+ 34. Bf3 Bxa2 35. Ra1 Rc2 36. Be4 Rb2 37. Kf4 b4 38. Rc1 g5+ 39. Ke3 a5 40. Rc6+ Kg7 41. Rc7+ Kf8 42. Ra7 Bb1 43. Bxb1 Rxb1 44. Rxa5 b3 45. Rb5 Kf7 46. Kf3 h6 47. Kg4 Rb2 48. Rb7+ Ke6 49. Rb6+ Ke5 50. Kg3 Kd4 51. Rxh6 Rd2 52. Rb6 Kc3 53. Rc6+ Kd3 54. Rb6 Kc2 55. Kf3 b2 56. Rc6+ Kd1 57. Rb6 Kc1 58. g3 Rxh2 59. Kg4 Rg2 60. Rc6+ Rc2 61. Rb6 Rc5 0-1

[Event "POL-ch U20"]
[Site "Pokrzywna"]
[Date "2020.12.02"]
[Round "5"]
[White "Klim, Filip"]
[Black "Klim, Juliusz"]
[Result "1-0"]
[WhiteElo "1897"]
[BlackElo "1292"]
[PlyCount "85"]
[EventDate "2020.11.30"]
[EventType "swiss"]
[EventRounds "9"]
[EventCountry "POL"]
[SourceTitle "CBM 199 Extra"]
[Source "ChessBase"]
[SourceDate "2021.01.31"]
[SourceVersion "1"]
[SourceVersionDate "2021.01.31"]
[SourceQuality "1"]

1. e4 e5 2. Nf3 Nc6 3. Bc4 Bc5 4. c3 Nf6 5. d3 a6 6. 0-0 d6 7. Bb3 h6 8. Be3 Bxe3 9. fxe3 0-0 10. Nbd2 Be6 11. Bc2 d5 12. exd5 Nxd5 13. Qe2 Qd7 14. Nc4 Qe7 15. Rae1 Bg4 16. e4 Nf4 17. Qf2 Qe6 18. Kh1 Bxf3 19. Qxf3 Ng6 20. Bb3 Qd7 21. Qg3 Rad8 22. Qxg6 fxg6 23. Nxe5+ Kh7 24. Nxd7 Rxf1+ 25. Rxf1 Rxd7 26. d4 g5 27. g4 Nxd4 28. cxd4 Rxd4 29. Rf7 c5 30. Rxb7 a5 31. Bd5 Rd1+ 32. Kg2 Rd2+ 33. Kf3 Rd3+ 34. Ke2 Rh3 35. Rb5 Rxh2+ 36. Kf3 Rh3+ 37. Kg2 Rd3 38. Rxc5 Rd2+ 39. Kf3 Rd3+ 40. Ke2 Rg3 41. Be6 Rg2+ 42. Kf3 Rxb2 43. Rxa5 1-0